The 20 richest countries in the world - Statistics

General Stats
  • This quiz has been taken 74 times
  • The average score is 18 of 20
Answer Stats
Region Answer % Correct
Asia China
98%
Europe France
98%
Europe Germany
97%
Asia Japan
97%
North America Usa
97%
North America Canada
95%
Oceania Australia
94%
Eurasia Russia
94%
Europe Uk
94%
South America Brazil
92%
Asia India
92%
Middle East Saudi Arabia
92%
Europe Spain
92%
Europe Italy
91%
North America Mexico
91%
Asia South Korea
88%
Eurasia Turkey
86%
Europe Switzerland
79%
Europe Netherlands
76%
Asia Indonesia
71%
No matching quizzes found
Score Distribution
Percent of People with Each Score
Percentile by Number Answered
Your Score History
You have not taken this quiz